Spin-stand microscopy of hard disk data /

This book provides an in-depth exposition of spin-stand microscopy of hard disk data which is a new technique recently developed and extensively tested by the authors of the book. Spin-stand microscopy is the first magnetic imaging technique where imaging is performed ex-situ on a rotating disk moun...

Full description

Bibliographic Details
Main Author: Mayergoyz, I. D.
Corporate Author: ScienceDirect (Online service)
Other Authors: Tse, Chun
Format: eBook
Language:English
Published: Amsterdam ; Oxford : Elsevier Science, 2007.
Series:Elsevier series in electromagnetism.
Subjects:
Online Access:Connect to the full text of this electronic book

MARC

Tag First Indicator Second Indicator Subfields
LEADER 00000cam a2200000Ia 4500
001 in00002425312
005 20190327171534.0
006 m d
007 cr cn|||||||||
008 070802s2007 ne a sb 001 0 eng d
020 |a 9780080444659 
020 |a 0080444652 
035 |a (OCoLC)ocn162130066 
035 |a (OCoLC)162130066 
037 |a 105564:105592  |b Elsevier Science & Technology  |n http://www.sciencedirect.com 
040 |a OPELS  |c OPELS  |d UtOrBLW 
049 |a TEFA 
050 1 4 |a TK7887.8.D37  |b M38 2007eb 
082 0 4 |a 621.3976  |2 22 
100 1 |a Mayergoyz, I. D. 
245 1 0 |a Spin-stand microscopy of hard disk data /  |c Isaak Mayergoyz, Chun Tse. 
264 1 |a Amsterdam ;  |a Oxford :  |b Elsevier Science,  |c 2007. 
300 |a xii, 218 pages :  |b illustrations ;  |c 26 cm. 
336 |a text  |b txt  |2 rdacontent 
337 |a computer  |b c  |2 rdamedia 
338 |a online resource  |b cr  |2 rdacarrier 
490 1 |a Elsevier series in electromagnetism 
533 |a Electronic reproduction.  |b Amsterdam :  |c Elsevier Science & Technology,  |d 2007.  |n Mode of access: World Wide Web.  |n System requirements: Web browser.  |n Title from title screen (viewed on July 25, 2007).  |n Access may be restricted to users at subscribing institutions. 
520 |a This book provides an in-depth exposition of spin-stand microscopy of hard disk data which is a new technique recently developed and extensively tested by the authors of the book. Spin-stand microscopy is the first magnetic imaging technique where imaging is performed ex-situ on a rotating disk mounted on a spin-stand. This technique is one of the fastest scanning-based microscopy techniques. It is non-invasive and has nano-scale resolution. For these reasons, it provides unique capabilities for the visualization of magnetization patterns recorded on hard disks. This book is self-contained and it covers in sufficient details the basic facts of magnetic data storage technology, the principles and theory of spin-stand microscopy, its experimental implementations, as well as its applications in hard disk diagnostics, imaging of overwritten patterns, computer forensics of hard disk files, and data-dependent magnetic thermal relaxations of recorded magnetization patterns. This book will be a valuable reference for the magnetic data storage community, magnetic microscopy professionals as well as engineers and scientists involved in computer data forensics, commercial data recovery, and the design of archival data storage systems. Key features: - conceptual novelty of the technique and the demonstration of its wide scope of applications - detailed exposition of the principles of spin-stand magnetic microscopy - comprehensive discussions of novel image reconstruction techniques - demonstration of high resolution spin-stand images of hard disk data - presentation of sector-by-sector ex-situ forensics of hard disk files - extensive studies of data-dependent thermal relaxations of magnetization patterns recorded on hard disks Key features: - conceptual novelty of the technique and the demonstration of its wide scope of applications - detailed exposition of the principles of spin-stand magnetic microscopy - comprehensive discussions of novel image reconstruction techniques - demonstration of high resolution spin-stand images of hard disk data - presentation of sector-by-sector ex-situ forensics of hard disk files - extensive studies of data-dependent thermal relaxations of magnetization patterns recorded on hard disks. 
505 0 |a Preface -- -- I. Spin-Stand Microscopy: Theory -- -- 1. Introduction -- 2. Scanning Mechanism of the Spin-Stand Microscopy Technique -- 3. Magnetization Image Reconstruction -- 4. Extraction and Scaling of the Head Response Function -- 5. Intersymbol Interference Removal -- -- II. Spin-Stand Microscopy: Applications -- -- 6. High-Speed Ex-Situ Spin-Stand Microscopy of Hard Disk Data -- 7. Spin-Stand Based Forensic Studies of Hard Disk Data -- 8. Spin-Stand Microscopy of Transverse Magnetization -- 9. Spin-Stand Study of Data-Dependent Thermal Relaxations -- -- A. Overview of Hard Disk Drive Components and Technology -- B. Implementation of ISI-Removal Algorithm -- C. Aligning Algorithm. 
504 |a Includes bibliographical references and index. 
500 |a Electronic resource. 
650 0 |a Hard disks (Computer science) 
650 0 |a Microscopy. 
655 7 |a Electronic books.  |2 local 
700 1 |a Tse, Chun. 
776 1 |c Original  |z 9780080444659  |z 0080444652  |w (OCoLC)81452588 
710 2 |a ScienceDirect (Online service) 
830 0 |a Elsevier series in electromagnetism. 
856 4 0 |u http://proxy.library.tamu.edu/login?url=http://www.sciencedirect.com/science/book/9780080444659  |z Connect to the full text of this electronic book  |t 0 
994 |a C0  |b TEF 
999 |a MARS 
999 f f |s 9d9ee6e2-3919-32d2-a94a-33c84bcb036c  |i ddf5ec42-b6f4-33c3-9ef9-ca051d7857f1  |t 0 
952 f f |a Texas A&M University  |b College Station  |c Electronic Resources  |d Available Online  |t 0  |e TK7887.8.D37 M38 2007eb  |h Library of Congress classification 
998 f f |a TK7887.8.D37 M38 2007eb  |t 0  |l Available Online